01596cam a22003977a 4500003000500000005001700005008004100022010001000063011001000073035001000083040000900093090001000102100004500112245018600157260004100343300001000384502009500394590003700489590004100526590004100567590004100608590004100649590004100690590004100731590004200772650004300814650004500857650004100902650003000943650002700973901000701000942001001007949003601017999001701053952012801070CHAP20220329140333.0971013s1976 r 00010 d a50621 a51593 a55743 cCHAP aTesis00aVillezca Becerra, Pedro Antonio.9119802 0aEstudio del efecto de algunos factores alimenticios y climáticos sobre la calidades de la leche producida en la cuenca de Apodaca Santa Rosa, N.L., durante la estación de verano a(Monterrey, N.L.) :bEl autor,c1976 a59 h. aTesis (Ing. Agrónomo Zootecnista) -- ITESM. Div. de Ciencias Agropecuarias y Marítimas aALEPHb10c20130110lUCH01h1325 aBATCH-UPDb10c20130109lUCH01h2244 aBATCH-UPDb10c20130110lUCH01h0238 aBATCH-UPDb10c20130110lUCH01h0903 aBATCH-UPDb10c20130409lUCH01h2304 aBATCH-UPDb10c20130410lUCH01h1411 aBATCH-UPDb10c20130914lUCH01h1516 aCONVERSIONb10c20130109lUCH01h132714aGanado lecheroxAlimentación.94523814aGanado lecheroxEfecto del clima.94525714aGanado lecheroxNuevo León.94528014aLechexAnálisis.96535914aLechexCalidad.965362 aBK cTESIS bBCcTESd-122153eTS1i55743si c50621d50621 00102local4051708TESISaBCbBCcPA_TESISd2012-12-17fTESISl0oTesisp-122153r2019-12-31 00:00:00w2019-12-31yTESIS